| 000 | 00468nam a2200169Ia 4500 | ||
|---|---|---|---|
| 003 | GCL | ||
| 008 | 140319s9999 xx 000 0 eng d | ||
| 040 |
_aGCL / _cGCL |
||
| 082 | 0 | 4 | _a664\T M |
| 100 | 1 | _aTHORNE, STUART | |
| 245 | 1 | 0 |
_aMATHEMATICAL MODELLING OF FOOD PROCESSING / _cTHORNE, STUART |
| 260 |
_a[S.N] : _bEL SEVIER APPLIED SCIENCE ، _c1992 |
||
| 300 | _a353 P | ||
| 650 | 0 | 4 | _aFOOD INDUSTRY AND TRADE |
| 650 | 0 | 4 | _aMATHEMATICAL MODELS |
| 942 |
_2ddc _cBK |
||
| 999 |
_c22396 _d22396 |
||